| 000 | 00684nam a2200265Ia 4500 | ||
|---|---|---|---|
| 001 | 22681 | ||
| 005 | 20240114000650.0 | ||
| 007 | ta | ||
| 008 | 060320s1962 g b000 u 465 u | ||
| 040 | _aCotton College,Assam | ||
| 041 | _a465 | ||
| 082 |
_a537 _bL 547 L |
||
| 100 | _aLengyel, Bela A.. | ||
| 245 | 0 |
_aLasers: Generation of light by Stimulated Emission / _cBela A.Lengyel. _hTextual Documents |
|
| 250 | _a1st ed. / | ||
| 260 |
_aNew York : _bJohn Wiley & Sons , _cC1962. |
||
| 300 |
_a125p. ; _c22cm. |
||
| 504 | _aIndex | ||
| 653 | _aLasers | ||
| 653 | _alight | ||
| 653 | _aG-Physics | ||
| 942 |
_2ddc _cBK |
||
| 999 |
_c22663 _d22663 |
||